000 00729nam a2200253 a 4500
999 _c11754
_d11754
001 11754
003 BD-JhCC
005 20220725134023.0
008 200831b2014 ii a|||| ||a| 000 0 eng d
020 _a9789382607687
035 _a(BD-JhCC)11754
040 _aBD-JhCC
_dBD-JhCC
041 _aeng
082 _a271.97
_bABD 2014
100 _a Khan, Adil
245 _aMother Teresa :
_bA symbol of Kindness /
_cAdil Khan
260 _aIndia:
_bAn imprint of Om Books International;
_c2014.
300 _a79 p. :
_bill
_c24 cm.
651 _aTeresa, Mother, Saint, 1910-1997
_xMissionaries of Charity
_yNuns
_zIndia--Kolkata
700 _aNaushad Ali
700 _aHimansu Sharma
942 _2ddc
_cBK
_01